| 000 | 004400000a22001690004500 | ||
|---|---|---|---|
| 003 | MACL | ||
| 005 | 20151229170239.0 | ||
| 008 | 151229b xxu||||| |||| 00| 0 eng d | ||
| 040 |
_aMACL _cMACL |
||
| 041 | _aEnglish | ||
| 082 | _a220/RHY | ||
| 100 |
_aTaylor, R Bruce _924344 |
||
| 245 |
_aTheology & Philosophy _bAncient Hebrew Literature vol 2 |
||
| 260 | _bJ M Dent & Sons LTD | ||
| 650 |
_aReligion _924345 |
||
| 942 |
_cBK _k220/RHY _2ddc |
||
| 999 |
_c39124 _d39124 |
||